Význam oceňovania transakcií medzi závislými osobami a ich vplyv na výsledok hospodárenia účtovnej jednotky

Stručná informácia o projekte.

Na minha lista:
Detalhes bibliográficos
Autor principal: Máziková, Katarína
Formato: Capítulo de Livro
Idioma:eslovaco
Assuntos:
Tags: Adicionar Tag
Sem tags, seja o primeiro a adicionar uma tag!

MARC

LEADER 00000naa$a2200000$$$4500
001 0198363
005 20240502073342.4
041 0 |a slo 
044 |a SK 
245 1 0 |a Význam oceňovania transakcií medzi závislými osobami a ich vplyv na výsledok hospodárenia účtovnej jednotky  |c Katarína Máziková 
520 |a Stručná informácia o projekte. 
610 2 0 |a osoby závislé 
610 2 0 |a obchod 
610 2 0 |a oceňovanie ekonomické 
610 2 0 |a spoločnosti nadnárodné 
610 2 0 |a jednotka účtovná 
610 2 0 |a výsledok hospodársky 
100 1 |a Máziková, Katarína